[Event "Titled Tuesday intern op 04th Mar Early"]
[Site "Chess.com INT"]
[Date "2025.03.04"]
[Round "1"]
[White "Camacho Martinez, Guillermo"]
[Black "Swiatlowski, Lukasz"]
[Result "1-0"]
[WhiteElo "2285"]
[BlackElo "2199"]
[PlyCount "103"]
[EventDate "2025.03.04"]
[EventType "swiss (blitz)"]
[EventRounds "11"]
[EventCountry "USA"]
[SourceTitle "CB11_2025"]
[SourceDate "2025.03.12"]
[SourceVersion "1"]
[SourceVersionDate "2025.03.12"]
[SourceQuality "1"]

1. d4 Nf6 2. c4 g6 3. Nc3 Bg7 4. e4 d6 5. f3 0-0 6. Be3 e5 7. Nge2 Nc6 8. Qd2 Bd7 9. d5 Ne7 10. 0-0-0 b5 11. g4 bxc4 12. Ng3 Qb8 13. Be2 Qb4 14. h4 Rab8 15. Kb1 Ne8 16. Ka1 h6 17. Rb1 Kh7 18. g5 h5 19. Rhc1 a6 20. Nd1 Qxd2 21. Bxd2 c5 22. Bxc4 Bb5 23. Ne3 Nc8 24. Ba5 Nb6 25. Bxb6 Rxb6 26. Ne2 Nc7 27. Nc3 Rfb8 28. Rf1 Kg8 29. b3 Kf8 30. Nc2 Bxc4 31. bxc4 Ke7 32. Rxb6 Rxb6 33. Na4 Rb8 34. Rd1 f6 35. Nxc5 fxg5 36. hxg5 Rf8 37. Ne1 h4 38. Ncd3 h3 39. Nf2 h2 40. Nh1 Rh8 41. c5 Nb5 42. c6 Kd8 43. Rb1 Kc8 44. a4 Nd4 45. Rb7 Bf8 46. Rf7 Ne2 47. Rf6 Ng1 48. Rxg6 Be7 49. Rg7 Bd8 50. g6 Bb6 51. Rf7 Bd4+ 52. Ka2 1-0

[Event "Titled Tuesday intern op 04th Mar Early"]
[Site "Chess.com INT"]
[Date "2025.03.04"]
[Round "5"]
[White "Swiatlowski, Lukasz"]
[Black "Gostev, Serghei"]
[Result "0-1"]
[WhiteElo "2199"]
[BlackElo "2258"]
[PlyCount "72"]
[EventDate "2025.03.04"]
[EventType "swiss (blitz)"]
[EventRounds "11"]
[EventCountry "USA"]
[SourceTitle "CB11_2025"]
[SourceDate "2025.03.12"]
[SourceVersion "1"]
[SourceVersionDate "2025.03.12"]
[SourceQuality "1"]

1. Nf3 d5 2. g3 c6 3. Bg2 Bg4 4. d3 e6 5. 0-0 Bd6 6. Nbd2 Ne7 7. e4 Nd7 8. b3 0-0 9. Bb2 a5 10. a3 Qc7 11. h3 Bh5 12. Qe1 e5 13. g4 Bg6 14. Nh4 d4 15. Nf5 Rfe8 16. Nf3 Nf8 17. h4 f6 18. h5 Bf7 19. g5 Bxh5 20. gxf6 Nxf5 21. exf5 gxf6 22. Nd2 Qg7 23. Qe4 Kh8 24. f3 Nd7 25. Qh4 Rg8 26. Rf2 Qg5 27. Qxg5 fxg5 28. Ne4 Be7 29. Kh2 Nf6 30. Bc1 g4 31. Nxf6 g3+ 32. Kg1 gxf2+ 33. Kxf2 Bxf6 34. f4 Bh4+ 35. Kf1 Be2+ 36. Kxe2 Rxg2+ 0-1

[Event "Titled Tuesday intern op 03rd Sep Early"]
[Site "Chess.com INT"]
[Date "2024.09.03"]
[Round "11"]
[White "Meszaros, Gyorgy"]
[Black "Swiatlowski, Lukasz"]
[Result "1-0"]
[WhiteElo "2200"]
[BlackElo "2199"]
[PlyCount "87"]
[EventDate "2024.09.03"]
[EventType "swiss (blitz)"]
[EventRounds "11"]
[EventCountry "USA"]
[SourceTitle "EXT 2025"]
[Source "ChessBase"]
[SourceDate "2024.10.14"]
[SourceVersion "1"]
[SourceVersionDate "2024.10.14"]
[SourceQuality "1"]

1. e4 d6 2. Nc3 Nf6 3. d3 c6 4. Be2 e5 5. g4 Be7 6. h4 Nfd7 7. g5 b5 8. a3 a5 9. Be3 Na6 10. Nf3 b4 11. axb4 axb4 12. Nb1 Bb7 13. Nbd2 Nac5 14. d4 exd4 15. Rxa8 Qxa8 16. Nxd4 Ne6 17. Nf5 Bf8 18. Nc4 d5 19. Ncd6+ Bxd6 20. Nxd6+ Kf8 21. Nxb7 Qxb7 22. exd5 cxd5 23. Bf3 Nb6 24. 0-0 h6 25. g6 fxg6 26. Re1 Kg8 27. Qe2 Kh7 28. Bxb6 Nf4 29. Qe3 Rf8 30. Bd4 Qd7 31. Be5 Nh3+ 32. Kh2 Qf5 33. Bg3 d4 34. Qe4 Qxe4 35. Bxe4 Nxf2 36. Bxf2 Rxf2+ 37. Kg3 Rd2 38. Bd3 h5 39. b3 Kh6 40. Re4 g5 41. Rxd4 gxh4+ 42. Rxh4 Rd1 43. Rxb4 Rg1+ 44. Kh2 1-0

[Event "Titled Tuesday intern op 03rd Sep Early"]
[Site "Chess.com INT"]
[Date "2024.09.03"]
[Round "6"]
[White "Swiatlowski, Lukasz"]
[Black "Lai, Duc Minh1"]
[Result "0-1"]
[WhiteElo "2199"]
[BlackElo "2058"]
[PlyCount "56"]
[EventDate "2024.09.03"]
[EventType "swiss (blitz)"]
[EventRounds "11"]
[EventCountry "USA"]
[SourceTitle "EXT 2025"]
[Source "ChessBase"]
[SourceDate "2024.10.14"]
[SourceVersion "1"]
[SourceVersionDate "2024.10.14"]
[SourceQuality "1"]

1. Nf3 f5 2. g3 Nf6 3. Bg2 d6 4. 0-0 g6 5. d3 Bg7 6. c4 0-0 7. Nc3 e5 8. Rb1 h6 9. b4 g5 10. a4 Qe8 11. e3 Qg6 12. Bb2 Nc6 13. b5 Nd8 14. c5 f4 15. cxd6 cxd6 16. e4 Bg4 17. Qb3+ Be6 18. Qb4 Nf7 19. Rbe1 Qh5 20. d4 Bg4 21. Nd2 f3 22. Bh1 Rad8 23. Re3 exd4 24. Qxd4 Ne5 25. Nd5 Nxd5 26. Qxd5+ Kh7 27. Nc4 Nxc4 28. Bxg7 Nxe3 0-1

[Event "Titled Tuesday intern op 27th Aug Late"]
[Site "Chess.com INT"]
[Date "2024.08.27"]
[Round "8"]
[White "Xie, Irene"]
[Black "Swiatlowski, Lukasz"]
[Result "0-1"]
[WhiteElo "1804"]
[BlackElo "2199"]
[PlyCount "94"]
[EventDate "2024.08.27"]
[EventType "swiss (blitz)"]
[EventRounds "11"]
[EventCountry "USA"]
[SourceTitle "EXT 2025"]
[Source "ChessBase"]
[SourceDate "2024.10.14"]
[SourceVersion "1"]
[SourceVersionDate "2024.10.14"]
[SourceQuality "1"]

1. e4 d6 2. d4 Nf6 3. f3 c6 4. Be3 Nbd7 5. c4 e5 6. d5 Be7 7. Nc3 0-0 8. Bd3 Nh5 9. Nge2 g6 10. Bh6 Ng7 11. Qd2 f5 12. 0-0-0 c5 13. Kb1 a6 14. Rdf1 Rb8 15. g4 f4 16. Nc1 Rf7 17. Bxg7 Rxg7 18. Qg2 h6 19. Qf2 Bh4 20. Qe2 Nb6 21. Nb3 Na8 22. Nd2 Nc7 23. b3 Bd7 24. Kc2 b5 25. Rb1 b4 26. Nd1 a5 27. Nf2 a4 28. Nh3 Ra8 29. Rhc1 h5 30. Qg2 Qc8 31. Be2 Ne8 32. Ng1 hxg4 33. fxg4 Nf6 34. Ngf3 Rh7 35. h3 Bg3 36. Nf1 Bh4 37. N1d2 Bg3 38. Ng5 Rh6 39. Nf1 Bh4 40. Nf3 g5 41. Bd3 Be8 42. N1d2 Bg6 43. Qe2 Bg3 44. Qg2 Ra7 45. Rb2 Rah7 46. Rh1 Nxg4 47. Rbb1 Ne3+ 0-1

[Event "Titled Tuesday intern op 09th Jul Early"]
[Site "Chess.com INT"]
[Date "2024.07.09"]
[Round "6"]
[White "Cruz Gomez, Miguel Angel"]
[Black "Swiatlowski, Lukasz"]
[Result "0-1"]
[WhiteElo "1887"]
[BlackElo "2199"]
[PlyCount "60"]
[EventDate "2024.07.09"]
[EventType "swiss (blitz)"]
[EventRounds "11"]
[EventCountry "USA"]
[SourceTitle "EXT 2025"]
[Source "ChessBase"]
[SourceDate "2024.10.14"]
[SourceVersion "1"]
[SourceVersionDate "2024.10.14"]
[SourceQuality "1"]

1. c4 Nf6 2. Nc3 g6 3. g3 Bg7 4. Bg2 d6 5. e4 0-0 6. Nge2 c5 7. 0-0 Nc6 8. d3 a6 9. h3 Rb8 10. a4 Ne8 11. Be3 Nc7 12. d4 cxd4 13. Nxd4 Ne6 14. Nde2 Bd7 15. f4 Nb4 16. Nd5 Nxd5 17. exd5 Nc7 18. Bd4 a5 19. Bxg7 Kxg7 20. Qd4+ Kg8 21. f5 Bxf5 22. Rxf5 gxf5 23. Rf1 e6 24. dxe6 fxe6 25. g4 e5 26. Qd2 f4 27. Nc3 Kh8 28. Ne4 d5 29. Nc5 Qd6 30. Nb3 Qb6+ 0-1

[Event "Titled Tuesday intern op 09th Jul Early"]
[Site "Chess.com INT"]
[Date "2024.07.09"]
[Round "11"]
[White "Hoffmann, Asa"]
[Black "Swiatlowski, Lukasz"]
[Result "1/2-1/2"]
[WhiteElo "2185"]
[BlackElo "2199"]
[PlyCount "90"]
[EventDate "2024.07.09"]
[EventType "swiss (blitz)"]
[EventRounds "11"]
[EventCountry "USA"]
[SourceTitle "EXT 2025"]
[Source "ChessBase"]
[SourceDate "2024.10.14"]
[SourceVersion "1"]
[SourceVersionDate "2024.10.14"]
[SourceQuality "1"]

1. d4 Nf6 2. Bg5 e6 3. Nd2 Be7 4. e3 b6 5. Bd3 Bb7 6. Ngf3 h6 7. Bh4 0-0 8. 0-0 c5 9. c3 Nc6 10. Qe2 d6 11. h3 e5 12. dxe5 dxe5 13. Bg3 Bd6 14. e4 Nh5 15. Bh2 Nf4 16. Bxf4 exf4 17. Nc4 Re8 18. Rad1 Qe7 19. Nxd6 Qxd6 20. e5 Qe7 21. Rfe1 Rad8 22. Qe4 g6 23. Qxf4 Kg7 24. Qg3 Qe6 25. b3 Ne7 26. Bc4 Qf5 27. Rd6 Bxf3 28. Qxf3 Qxf3 29. gxf3 Nf5 30. Rxd8 Rxd8 31. e6 fxe6 32. Bxe6 Kf6 33. Bxf5 gxf5 34. f4 Rd2 35. Ra1 Rd3 36. Kg2 Rxc3 37. Rd1 Ke6 38. Re1+ Kd6 39. Rd1+ Kc6 40. Re1 Rd3 41. Re6+ Rd6 42. Re5 Rd5 43. Re6+ Rd6 44. Re5 Rd5 45. Re6+ Rd6 1/2-1/2

[Event "Titled Tuesday intern op 09th Jul Early"]
[Site "Chess.com INT"]
[Date "2024.07.09"]
[Round "8"]
[White "Stojanovski, Sandi"]
[Black "Swiatlowski, Lukasz"]
[Result "1-0"]
[WhiteElo "2169"]
[BlackElo "2199"]
[PlyCount "61"]
[EventDate "2024.07.09"]
[EventType "swiss (blitz)"]
[EventRounds "11"]
[EventCountry "USA"]
[SourceTitle "EXT 2025"]
[Source "ChessBase"]
[SourceDate "2024.10.14"]
[SourceVersion "1"]
[SourceVersionDate "2024.10.14"]
[SourceQuality "1"]

1. d4 Nf6 2. Bf4 g6 3. Nc3 Bg7 4. e4 d6 5. Nf3 0-0 6. Qd2 Bg4 7. 0-0-0 c6 8. Bh6 b5 9. Bd3 Bxf3 10. gxf3 e5 11. Bxg7 Kxg7 12. dxe5 dxe5 13. h4 Nh5 14. Ne2 Qf6 15. Ng3 Qxf3 16. Nxh5+ Qxh5 17. Qc3 Re8 18. f4 Na6 19. Qxc6 Nb4 20. Qxb5 Nxd3+ 21. Rxd3 Rab8 22. Qa5 exf4 23. Qxh5 gxh5 24. Rg1+ Kf6 25. Rd6+ Ke5 26. Rd7 Kxe4 27. Rxf7 Kf3 28. Rf1+ Kg3 29. R7xf4 Re1+ 30. Rxe1 Kxf4 31. b3 1-0

[Event "Titled Tuesday intern op 09th Jul Early"]
[Site "Chess.com INT"]
[Date "2024.07.09"]
[Round "7"]
[White "Swiatlowski, Lukasz"]
[Black "Arbunic Castro, Giovanna B"]
[Result "1-0"]
[WhiteElo "2199"]
[BlackElo "1958"]
[PlyCount "57"]
[EventDate "2024.07.09"]
[EventType "swiss (blitz)"]
[EventRounds "11"]
[EventCountry "USA"]
[SourceTitle "EXT 2025"]
[Source "ChessBase"]
[SourceDate "2024.10.14"]
[SourceVersion "1"]
[SourceVersionDate "2024.10.14"]
[SourceQuality "1"]

1. Nf3 Nf6 2. g3 g6 3. Bg2 Bg7 4. d3 0-0 5. 0-0 d6 6. e4 c5 7. Nc3 Nc6 8. Bg5 h6 9. Be3 b6 10. h3 Bb7 11. Qd2 e5 12. Bxh6 Nd4 13. Bxg7 Kxg7 14. Nd1 Rh8 15. Ng5 d5 16. c3 Ne6 17. Nxe6+ fxe6 18. Qe2 Nh5 19. exd5 Bxd5 20. Qxe5+ Kh7 21. Ne3 Bxg2 22. Kxg2 Re8 23. Rad1 Qe7 24. Rfe1 Rf8 25. Ng4 Qb7+ 26. Kg1 Rf3 27. Qe4 Qf7 28. Ne5 Nxg3 29. Qxf3 1-0

[Event "Titled Tuesday intern op 09th Jul Early"]
[Site "Chess.com INT"]
[Date "2024.07.09"]
[Round "1"]
[White "Swiatlowski, Lukasz"]
[Black "Williams, Simon Kim"]
[Result "0-1"]
[WhiteElo "2199"]
[BlackElo "2450"]
[PlyCount "58"]
[EventDate "2024.07.09"]
[EventType "swiss (blitz)"]
[EventRounds "11"]
[EventCountry "USA"]
[SourceTitle "EXT 2025"]
[Source "ChessBase"]
[SourceDate "2024.10.14"]
[SourceVersion "1"]
[SourceVersionDate "2024.10.14"]
[SourceQuality "1"]

1. Nf3 f5 2. g3 Nf6 3. Bg2 d6 4. d3 e5 5. 0-0 Be7 6. c4 0-0 7. Nc3 Qe8 8. b4 Qh5 9. e3 f4 10. exf4 Bg4 11. Ne4 Nc6 12. Be3 exf4 13. Bxf4 Nd4 14. Ned2 Ne6 15. h3 Bxh3 16. Nh2 Qxd1 17. Raxd1 Nxf4 18. gxf4 Bxg2 19. Kxg2 Nh5 20. Ne4 Nxf4+ 21. Kg1 c6 22. Rfe1 Rae8 23. Ng3 d5 24. c5 Bf6 25. Nf3 Bc3 26. Rxe8 Rxe8 27. a3 g6 28. Kf1 h5 29. Ng5 Kg7 0-1

[Event "Titled Tuesday intern op 02nd Jul Early"]
[Site "Chess.com INT"]
[Date "2024.07.02"]
[Round "6"]
[White "Bolat, Inayat"]
[Black "Swiatlowski, Lukasz"]
[Result "0-1"]
[WhiteElo "2091"]
[BlackElo "2199"]
[PlyCount "114"]
[EventDate "2024.07.02"]
[EventType "swiss (blitz)"]
[EventRounds "11"]
[EventCountry "USA"]
[SourceTitle "EXT 2025"]
[Source "ChessBase"]
[SourceDate "2024.10.14"]
[SourceVersion "1"]
[SourceVersionDate "2024.10.14"]
[SourceQuality "1"]

1. e4 d6 2. d4 Nf6 3. Nc3 c6 4. a4 a5 5. f3 Nbd7 6. Be3 e5 7. Qd2 Be7 8. g4 0-0 9. g5 Nh5 10. 0-0-0 Nf4 11. Bxf4 exf4 12. h4 f6 13. Bc4+ Kh8 14. Nh3 d5 15. exd5 Nb6 16. Bd3 Nxd5 17. Nxf4 Bb4 18. Nfxd5 cxd5 19. Rdg1 f5 20. h5 Bd7 21. h6 g6 22. Qf4 Re8 23. Nxd5 Bc6 24. Nf6 Bd6 25. Qd2 Qc7 26. Qc3 Re3 27. Re1 Bb4 28. Qc4 Rxe1+ 29. Rxe1 Bxe1 30. d5 Rd8 31. dxc6 bxc6 32. Qc5 Qf4+ 33. Kb1 Bb4 34. Qb6 Rf8 35. Qb7 Rxf6 36. gxf6 Qxh6 37. Qc8+ Qf8 38. Qxc6 h5 39. Qe6 Kh7 40. c3 Bd6 41. Bc4 h4 42. Qd7+ Kh6 43. Qe6 h3 44. Qe3+ g5 45. Qf2 h2 46. Qg2 Qxf6 47. Bd3 Kg7 48. Ka2 Qf7+ 49. b3 Qh5 50. Qh1 Qh3 51. Bf1 Qg3 52. Bg2 g4 53. fxg4 Qxc3 54. Ba8 Qd2+ 55. Kb1 Qd3+ 56. Ka2 Qc2+ 57. Ka1 Be5# 0-1

[Event "Titled Tuesday intern op 02nd Jul Early"]
[Site "Chess.com INT"]
[Date "2024.07.02"]
[Round "3"]
[White "Swiatlowski, Lukasz"]
[Black "Mortazavi, Ali"]
[Result "0-1"]
[WhiteElo "2199"]
[BlackElo "2333"]
[PlyCount "84"]
[EventDate "2024.07.02"]
[EventType "swiss (blitz)"]
[EventRounds "11"]
[EventCountry "USA"]
[SourceTitle "EXT 2025"]
[Source "ChessBase"]
[SourceDate "2024.10.14"]
[SourceVersion "1"]
[SourceVersionDate "2024.10.14"]
[SourceQuality "1"]

1. Nf3 Nf6 2. g3 g6 3. Bg2 Bg7 4. d3 0-0 5. 0-0 d6 6. e4 c5 7. Nc3 Nc6 8. Bg5 Bg4 9. Qd2 Bxf3 10. Bxf3 Rb8 11. Bh6 b5 12. Bxg7 Kxg7 13. Bg2 Nd7 14. Nd1 e6 15. f4 Qc7 16. f5 Nde5 17. f6+ Kh8 18. Qh6 Rg8 19. Rf4 g5 20. Rf2 Rg6 21. Qh5 Qd8 22. Ne3 Rxf6 23. Qxg5 Rxf2 24. Qxd8+ Rxd8 25. Kxf2 Kg7 26. Rd1 b4 27. c3 bxc3 28. bxc3 Rb8 29. Rd2 Rb2 30. Ke2 Rb8 31. d4 cxd4 32. cxd4 Ng6 33. d5 exd5 34. Nxd5 Nf8 35. Ke3 Ne5 36. Bf1 Rb1 37. Ba6 Ne6 38. Nc3 Re1+ 39. Kf2 Rc1 40. Ne2 Ra1 41. h3 Nc5 42. Rxd6 Nxe4+ 0-1

[Event "Titled Tuesday intern op 02nd Jul Early"]
[Site "Chess.com INT"]
[Date "2024.07.02"]
[Round "10"]
[White "Swiatlowski, Lukasz"]
[Black "Ovezdurdiyeva, Jemal"]
[Result "0-1"]
[WhiteElo "2199"]
[BlackElo "2116"]
[PlyCount "44"]
[EventDate "2024.07.02"]
[EventType "swiss (blitz)"]
[EventRounds "11"]
[EventCountry "USA"]
[SourceTitle "EXT 2025"]
[Source "ChessBase"]
[SourceDate "2024.10.14"]
[SourceVersion "1"]
[SourceVersionDate "2024.10.14"]
[SourceQuality "1"]

1. Nf3 d6 2. g3 g6 3. Bg2 Bg7 4. d3 e5 5. 0-0 f5 6. c4 Nf6 7. Nc3 0-0 8. Rb1 e4 9. dxe4 fxe4 10. Ng5 Bf5 11. Ngxe4 Nc6 12. Nxf6+ Qxf6 13. e4 Be6 14. Nd5 Qf7 15. Be3 Ne5 16. b3 Bg4 17. Qc2 Nf3+ 18. Kh1 g5 19. h3 Qh5 20. Ne7+ Kh8 21. Nf5 Bxh3 22. Nxg7 Bxg2+ 0-1

[Event "Titled Tuesday intern op 18th Jun Early"]
[Site "Chess.com INT"]
[Date "2024.06.18"]
[Round "5"]
[White "Domingo Nunez, Ruben"]
[Black "Swiatlowski, Lukasz"]
[Result "1-0"]
[WhiteElo "2438"]
[BlackElo "2199"]
[PlyCount "51"]
[EventDate "2024.06.18"]
[EventType "swiss (blitz)"]
[EventRounds "11"]
[EventCountry "USA"]
[SourceTitle "EXT 2025"]
[Source "ChessBase"]
[SourceDate "2024.10.14"]
[SourceVersion "1"]
[SourceVersionDate "2024.10.14"]
[SourceQuality "1"]

1. c4 Nf6 2. Nf3 d6 3. d4 Nbd7 4. g3 e5 5. Bg2 g6 6. Nc3 Bg7 7. 0-0 0-0 8. Qc2 c6 9. Rd1 Qc7 10. b3 Re8 11. Ba3 exd4 12. Rxd4 Nc5 13. Rad1 Bf5 14. Qc1 Rad8 15. Rf4 Ne6 16. Rxf5 gxf5 17. Nh4 f4 18. Nf5 fxg3 19. hxg3 Bf8 20. Bb2 a5 21. Nd5 cxd5 22. Bxf6 dxc4 23. Rd4 h5 24. Rh4 cxb3 25. Qxc7 Nxc7 26. Rxh5 1-0

[Event "Titled Tuesday intern op 18th Jun Early"]
[Site "Chess.com INT"]
[Date "2024.06.18"]
[Round "4"]
[White "Swiatlowski, Lukasz"]
[Black "Stepanencu, Nicodim Cosmin"]
[Result "1-0"]
[WhiteElo "2199"]
[BlackElo "2296"]
[PlyCount "75"]
[EventDate "2024.06.18"]
[EventType "swiss (blitz)"]
[EventRounds "11"]
[EventCountry "USA"]
[SourceTitle "EXT 2025"]
[Source "ChessBase"]
[SourceDate "2024.10.14"]
[SourceVersion "1"]
[SourceVersionDate "2024.10.14"]
[SourceQuality "1"]

1. Nf3 g6 2. g3 Bg7 3. Bg2 d6 4. d3 c5 5. 0-0 Nc6 6. e4 Nf6 7. Nc3 0-0 8. Bg5 h6 9. Be3 Rb8 10. h3 b5 11. Qd2 Kh7 12. Nd1 b4 13. Nh4 d5 14. exd5 Nxd5 15. Bxc5 Be6 16. Ne3 Bxb2 17. Rab1 Bc3 18. Qe2 Rc8 19. Nxd5 Bxd5 20. Nf3 Bxa2 21. Ra1 Bxa1 22. Rxa1 Bd5 23. Be3 Qd6 24. Ra6 Qf6 25. d4 e6 26. Ne5 Nxe5 27. Bxd5 Nd7 28. Be4 Nb6 29. Rxa7 Nd5 30. Rd7 Rfd8 31. Ra7 Nxe3 32. fxe3 Kg7 33. Kg2 Rc3 34. Bd3 e5 35. dxe5 Qxe5 36. Qg4 Qc5 37. Qxg6+ Kf8 38. Qxf7# 1-0